000 00598nam a2200193Ia 4500
001 257
005 20251205091930.0
008 251203t9999||||xx |||||||||||||| ||spa||
041 _aESP
082 _a869.56
_bP19
100 _aPalma, Ricardo,
_cAUT
245 0 _aTradiciones peruanas :
_bTomos 1-8
260 _a[Lugar de publicación no identificado] :
_bLa República División Editorial,
_c[Fecha de publicación no identificada]
300 _a256 páginas :
_b ilustraciones ;
_c 21 cm.
650 _aLYR
653 _aLiteratura peruana - Siglo XX
654 _aCTP
942 _cLIB
_dJUS
_fMAT
_2ddc
999 _c257
_d257